A History of the Present : (Record no. 171224)

MARC details
000 -LEADER
fixed length control field 00678nam a22001937a 4500
005 - DATE AND TIME OF LATEST TRANSACTION
control field 20200109105816.0
010 ## - LCCN (DPL NO)
LC control number ENG-127302
020 ## - INTERNATIONAL STANDARD BOOK NUMBER
Terms of availability 1495.00
International Standard Book Number 978019946819
035 ## - SYSTEM CONTROL NUMBER
System control number EN-110834
037 ## - SOURCE OF ACQUISITION
Source of stock number/acquisition DBAD/PUB.
082 ## - DEWEY DECIMAL CLASSIFICATION NUMBER
Classification number 305.891411068
100 ## - MAIN ENTRY--PERSONAL NAME
Personal name Desai,Ashwin
245 ## - TITLE STATEMENT
Title A History of the Present :
Statement of responsibility, etc by Ashwin Desa, [and] Goolam Vahed
Remainder of title a biography of india South Africans 1994-2019 /
260 ## - PUBLICATION, DISTRIBUTION, ETC. (IMPRINT)
Place of publication, distribution, etc New Delhi
Name of publisher, distributor, etc oxford University press 2019.
Date of publication, distribution, etc 2019
270 ## - ADDRESS
Address 22 workspace,2nd floor,1/22 Asaf Ali Road .
City New Delhi
Postal code 110002
300 ## - PHYSICAL DESCRIPTION
Extent viii,390p.
Dimensions 22cm.(hb)
500 ## - GENERAL NOTE
General note It includes Bibliography index
942 ## - ADDED ENTRY ELEMENTS (KOHA)
Source of classification or shelving scheme Dewey Decimal Classification
Item type English Books
Call number suffix DES
Classification part 954.51
Holdings
Withdrawn status Lost status Not for loan Collection code Home library Current library Date acquired Source of acquisition Cost, normal purchase price Full call number Barcode Copy number Cost, replacement price Koha item type
      Non-fiction Sarojini Nagar Sarojini Nagar 09/01/2020 DBAD/PUB 1495.00 954.51 DES EN-110834 1 1495.00 English Books

© Delhi Public Library
Hit Counter
free hit counter